000 00298nam a22001337a 4500
008 181029b xxu||||| |||| 00| 0 eng d
020 _a0323015859
041 _aeng
080 _a610-053.2
100 _a8
101 _aPED
245 _aYear Book of Pediatrics
_cStockman, J.A
942 _2udc
_cBK
999 _c51059
_d51059